000 01046nam a22002537a 4500
005 20170124102940.0
010 _aB-200718
020 _c250.00
035 _aB-200718
037 _bCen Lib/Ret
040 _aDPL
_bHN
082 _a954.0841
_bअग्रवा
100 _aअग्रवाल, उषा
_94358
245 _aभारत की प्रसिद्ध महिलाएँ /
_cउषा अग्रवाल
246 _aBharat ki prasiddh mahilayen /
_bby Usha Agarwal
260 _aदिल्ली
_bउमंग प्रकाशन
_c2006
270 _bदिल्ली
_aए-31-सी, न्यू गुप्ता कालोनी
_e110009
300 _a112पृ.
_c21सेमी (सजिल्द)
650 _aइतिहास
_947948
650 _aक्रन्तिकारी महिलाएँ
_zभारत
_947949
650 _aHistory
_947950
650 _aRevolutionary Women
_zIndia
_947951
942 _2ddc
_cHN
_h954.0841
_mअग्रवा
999 _c112510
_d112510